Almanya'nın Şehirleri - Statistics

General Stats
  • This quiz has been taken 492 times
  • The average score is 9 of 20
Answer Stats
Nüfus Eyalet Şehir % Correct
3,677,472 x Berlin
97%
1,487,708 Bavyera Münih
89%
1,906,411 x Hamburg
75%
586,852 Kuzey Ren-Vestfalya Dortmund
73%
1,073,096 Kuzey Ren-Vestfalya Köln
69%
759,224 Hesse Frankfurt
66%
626,275 Baden-Württemberg Stuttgart
54%
619,477 Kuzey Ren-Vestfalya Düsseldorf
48%
563,290 x Bremen
47%
601,866 Saksonya Leipzig
46%
535,932 Aşağı Saksonya Hannover
37%
555,351 Saksonya Dresden
34%
510,632 Bavyera Nürnberg
34%
579,432 Kuzey Ren-Vestfalya Essen
31%
331,885 Kuzey Ren-Vestfalya Bonn
27%
495,152 Kuzey Ren-Vestfalya Duisburg
21%
363,441 Kuzey Ren-Vestfalya Bochum
18%
317,713 Kuzey Ren-Vestfalya Münster
17%
334,002 Kuzey Ren-Vestfalya Bielefeld
13%
354,572 Kuzey Ren-Vestfalya Wuppertal
10%
No matching quizzes found
Score Distribution
Percent of People with Each Score
Percentile by Number Answered
Your Score History
You have not taken this quiz